00887nam a2200217 a 450000100100000000500170001000800410002702000180006804000250008608200190011110000310013024501600016126000390032130000210036059000280038165000360040965000380044570000520048395201170053599900170065200004918020250722094847.0190725s2004 000 spa d a9789945130867 aDO-SdBNPbspacBNPHU a323.445bR696d aRodríguez, Namphi917970 0aDerecho de la información :. :bhacia un nuevo régimen jurídico de los medios de comunicación /cNamphi Rodríguez; pról. Rafael Molina Morillo. aSanto Domingo :bMediabyte,c2004. a307 p. ;c23 cm. aInventariado, 2019 / DG 4aDerecho a la informacion917971 0aAcceso a la información 91797212aMolina Morillo, Rafael,d1930-1917epról.937 001050718MOaPDbPDcHDd2019-07-25iLF1l0o323.445 R696dp49181-10r2020-06-25w2020-06-25y1ZNo se presta c48668d48668